Lecturas sobre moneda y banca en Colombia / (Registro nro. 8225)

Detalles MARC
000 -LEADER
fixed length control field 01323nam a2200265Ia 4500
003 - CONTROL NUMBER IDENTIFIER
control field OSt
005 - DATE AND TIME OF LATEST TRANSACTION
control field 20210805113830.0
008 - FIXED-LENGTH DATA ELEMENTS--GENERAL INFORMATION
fixed length control field 210310s1976 ck ad fr 001 0 spa d
040 ## - CATALOGING SOURCE
Original cataloging agency CO-JMCR
Transcribing agency CO-JMCR
041 0# - LANGUAGE CODE
Language code of text/sound track or separate title spa
082 04 - DEWEY DECIMAL CLASSIFICATION NUMBER
Classification number 332.409861 /
Item number G569l
Edition number 23
100 1# - MAIN ENTRY--PERSONAL NAME
Personal name Gómez Otálora, Hernando,
9 (RLIN) 13955
Relator term autor
245 10 - TITLE STATEMENT
Title Lecturas sobre moneda y banca en Colombia /
Statement of responsibility, etc. Hernando Gómez O., Francisco J. Ortega, Patricia Sanclemente
260 ## - PUBLICATION, DISTRIBUTION, ETC.
Place of publication, distribution, etc. Bogotá :
Name of publisher, distributor, etc. Fondo Cultural Cafetero,
Date of publication, distribution, etc. 1976
300 ## - PHYSICAL DESCRIPTION
Extent 591 páginas :
Other physical details ilustraciones y gráficas a blanco y negro ;
Dimensions 24 cm.
500 ## - GENERAL NOTE
General note Incluye notas a pie de página e índice analítico.
504 ## - BIBLIOGRAPHY, ETC. NOTE
Bibliography, etc. note Bibliografía al final de algunos capítulos.
505 0# - FORMATTED CONTENTS NOTE
Formatted contents note ¿Qué es el dinero? -- Aspectos centrales de la teoría monetaria -- La demanda de dinero en Colombia -- La oferta monetaria en Colombia -- Instrumentos de manejo monetario -- Instituciones monetarias en Colombia -- El sistema bancario Colombiano y el crédito -- Inflación, producción y empleo
650 14 - SUBJECT ADDED ENTRY--TOPICAL TERM
Topical term or geographic name entry element Cuestión monetaria
9 (RLIN) 16678
General subdivision Historia
Geographic subdivision Colombia
650 24 - SUBJECT ADDED ENTRY--TOPICAL TERM
Topical term or geographic name entry element Bancos
General subdivision Historia
Geographic subdivision Colombia
9 (RLIN) 8078
650 24 - SUBJECT ADDED ENTRY--TOPICAL TERM
Topical term or geographic name entry element Teoría monetaria
General subdivision Historia
Geographic subdivision Colombia
9 (RLIN) 39094
700 1# - ADDED ENTRY--PERSONAL NAME
Personal name Ortega, Francisco J.,
Relator term autor
9 (RLIN) 39095
700 1# - ADDED ENTRY--PERSONAL NAME
Personal name Sanclemente, Patricia,
Relator term autora
9 (RLIN) 39096
942 ## - ADDED ENTRY ELEMENTS (KOHA)
Source of classification or shelving scheme Dewey Decimal Classification
Koha item type Books
Existencias
Withdrawn status Lost status Source of classification or shelving scheme Damaged status Not for loan Collection code Home library Current library Date acquired Source of acquisition Full call number Barcode Date last seen Copy number Koha item type Public note
    Dewey Decimal Classification     Non-fiction Biblioteca Pública José María del Castillo y Rada Biblioteca Pública José María del Castillo y Rada 04/15/2018 Donación 332.409861 / G569l 430002803 05/16/2024 Ej.1 Books Primer hoja con manchas de suciedad.